| 000 | 00803nam a2200313 i 4500 | ||
|---|---|---|---|
| 001 | 0000560 | ||
| 003 | DO-SdBNP | ||
| 005 | 20180201141310.0 | ||
| 007 | 0000560 | ||
| 008 | 921113s1992 sp a | | spa d | ||
| 016 | 7 |
_a _z |
|
| 017 |
_a _b |
||
| 020 | _a843482518X | ||
| 035 | _a | ||
| 040 |
_aBPMSU _bspa _cBPMSU |
||
| 080 | 4 | _a | |
| 100 | 1 | _aBordons, Paloma | |
| 245 | 1 | 3 |
_aLa recaraba / _cPaloma Bordons ; ilustraciones Federico Delicado _h |
| 250 | _a4a. ed. | ||
| 260 |
_aMadrid : _bSM, _c1992. |
||
| 300 |
_a120 p. : _bil., _c17 cm. |
||
| 490 |
_aCatamarán _v5 |
||
| 521 | _aA partir de los 9 años | ||
| 700 | 1 |
_aDelicado, Federico _eil. |
|
| 830 |
_pCatamarán _v5 |
||
| 942 |
_2ddc _cBK |
||
| 945 | _aInventariado, 2018/ YL | ||
| 956 |
_aYLOCKWARD _800151 _b10 _cBPMSU |
||
| 999 |
_c10989 _d10989 |
||